|
|
|
|
| LEADER |
00000nab a2200000u 4500 |
| 001 |
vtls012244130 |
| 003 |
SK-MaSNL |
| 005 |
20260304214521.0 |
| 008 |
231115|20231113xo ||||||| || ||slo| |
| 038 |
|
|
|a KEVKJB
|
| 040 |
|
|
|a KEVKJB
|b slo
|e rda
|
| 041 |
0 |
|
|a slo
|
| 043 |
|
|
|a e-xo---
|
| 044 |
|
|
|a xo
|c SK
|
| 072 |
|
7 |
|a 352/354
|x Stupne miestnej, oblastnej a ústrednej správy
|2 konspekt
|
| 080 |
|
|
|a 353.9
|2 2011
|
| 100 |
1 |
|
|a Jabrik, Peter
|4 aut
|9 879309
|
| 245 |
1 |
0 |
|a Riaditeľa krajských cestárov obvinili za nákup nadstavieb na nákladiaky
|b druhý obvinený je bývalý šéf prevádzkového úseku. Už robí na súde
|c Peter Jabrik
|
| 300 |
|
|
|b Fotografie
|
| 336 |
|
|
|a text
|b txt
|2 rdacontent
|
| 337 |
|
|
|a bez média
|b n
|2 rdamedia
|
| 338 |
|
|
|a zväzok
|b nc
|2 rdacarrier
|
| 600 |
1 |
7 |
|a Trišč, Anton
|2 kevkjb
|9 1228376
|
| 610 |
2 |
7 |
|a Správa ciest Košického samosprávneho kraja (Košice, Slovensko)
|2 kevkjb
|9 1069933
|
| 650 |
0 |
7 |
|a vedúci pracovníci
|2 SNKPH
|9 59720
|
| 650 |
0 |
7 |
|a verejné obstarávanie
|2 SNKPH
|9 4221
|
| 650 |
0 |
7 |
|a pozemné komunikácie
|2 SNKPH
|9 3578
|
| 650 |
0 |
7 |
|a zimná údržba ciest
|2 kevkjb
|9 324850
|
| 651 |
|
7 |
|a Košice (Slovensko)
|2 SNKPHgeo
|9 18694
|
| 773 |
0 |
|
|t Korzár - SME
|g Roč. XXVI., č. 216 (13.11.2023), s. 3
|x 2585-7355
|
| 852 |
|
|
|a KEVKJB
|b KIS3GCP
|
| 856 |
4 |
1 |
|u https://kosice.korzar.sme.sk/c/23242605/sefa-zupnych-cestarov-trisca-obvinila-naka-za-kontroverzny-nakup-nadstavieb-na-nakladiaky.html
|
| 999 |
|
|
|c 3141721
|d 3143651
|